000 00511nam a2200193Ia 4500
005 20250423100634.0
008 250422s9999 xx 000 0 und d
020 _a0-886720-046-4
050 _aQD453.2.F73/
100 _aDavid Freifelder
245 0 _aPrinciples of Physical Chemistry with Applications to the Biological Sciences
250 _a2nd ed.
260 _aBoston
260 _bJones and Bartlett Publishers, Inc.
260 _c1985
300 _a809 p
650 _aChemistry
942 _cBK
999 _c33910
_d33910